000 00332nam a2200133Ia 4500
008 240624s9999 xx 000 0 und d
041 _aeng
082 _a920 TEN
100 _aTENDULKAR SACHIN
245 _aPLAYING IT MY WAY MY AUTOBIOGRAPHY
260 _c2014
_aNew Delhi
_bHachette India
300 _a496 : p.
365 _cRS
_b25
999 _c23804
_d23804